000 01656nam a2200373Ii 4500
001 64769
003 Mx-PuUPA
005 20240129132809.0
008 160316s2017 sp d gr 000 0 spa d
020 _a9788416454150
_qpasta dura
040 _aMx-PuUPA
_cMx-PuUPA
_dMx-PuUPA
_bspa
_erda
041 0 _aspa
110 2 _aHarvard Business Review Press,
_97782
245 1 0 _aCreación de un plan de negocios /
_cHarvard Business Review Press ; redacción, Rosa Salvía, Osvaldo Leboso, Diana Malizia ; coordinación, Alberto Hernández
264 1 _aBarcelona, España :
_bEditorial Sol 90,
_c©2017
300 _a95 páginas :
_bgraficas ;
_c20 cm
336 _atexto
_btxt
_2rdacontent
337 _2rdamedia
_asin medio
_bn
338 _2rdacarrier
_avolumen
_bnc
490 0 _aManager en 20 minutos ;
_vLibro 1
500 _aGuía práctica para empresarios y ejecutivos.-- Cubierta.
500 _aAprende a presentar tus ideas, planes y expectativas de negocios con claridad. Describe la oportunidad de negocio. analiza a los competidores y a la industria. Anticípate a los problemas. Gánate la confianza de los inversores. Consigue recursos.-- Portada.
650 7 _2armarc
_aNuevas empresas
_xPlanificación
650 7 _2armarc
_aPlanificación empresarial
650 7 _2armarc
_aLiderazgo
700 1 _aSalvía, Rosa,
_eredactor
700 1 _aLeboso, Osvaldo,
_eredactor
700 1 _aMalizia, Diana,
_eredactor
700 1 _913524
_aHernández, Alberto,
_ecoordinador
710 2 _aHarvard Business Review Press,
_eeditor
_97782
942 _2ddc
_cLI
_h650.11
_iC912
999 _c64769
_d64769